Bytový dom

Salvato in:
Dettagli Bibliografici
Autore principale: Macáková, Kristína (Autore)
Altri autori: Vavrovič, Boris (Relatore della tesi)
Natura: Manoscritto Libro
Lingua:slovacco
Pubblicazione: 2025
Soggetti:
Accesso online:http://is.stuba.sk/zp/portal_zp.pl?podrobnosti=168142
CRZP
Tags: Aggiungi Tag
Nessun Tag, puoi essere il primo ad aggiungerne!!

MARC

LEADER 00000ntm a22000003a 4500
001 stuzp105030
003 SK-STU
005 20250728134637.7
007 ta
008 150427s2015----xo-----f-mn---000-0-slo-d
040 |a STU  |b slo 
041 0 |a slo 
100 1 |a Macáková, Kristína  |u 010180  |4 aut  |U SvF Stavebná fakulta  |T SvF Katedra konštrukcií pozemných stavieb  |X 115486  |U V180  |Y 18  |7 115486 
242 0 1 |a Flat building  |y eng 
245 1 0 |a Bytový dom 
260 |c 2025 
650 4 |a bytový dom  |2 slo 
650 4 |a prevetrávaná fasáda  |2 slo 
650 4 |a realizačný projekt  |2 slo 
650 4 |a Bratislava - Dúbravka  |2 slo 
650 4 |a apartment building  |2 eng 
650 4 |a ventilated facade  |2 eng 
650 4 |a implementation project  |2 eng 
650 4 |a Bratislava - Dúbravka  |2 eng 
700 1 |a Vavrovič, Boris  |u 010180  |k Z1  |4 ths  |U SvF Stavebná fakulta  |T SvF Katedra konštrukcií pozemných stavieb  |X 619  |U V180  |Y 18  |7 A000000619 
856 4 |u http://is.stuba.sk/zp/portal_zp.pl?podrobnosti=168142 
856 4 |u https://opac.crzp.sk/?fn=detailBiblioForm&sid=C9A1C75A261DD259FD80411E26A3  |z CRZP